APEC Schools

Call it courage / (Record no. 7850)

000 -LEADER
fixed length control field nam a22 7a 4500
005 - DATE AND TIME OF LATEST TRANSACTION
control field 20190827062434.0
008 - FIXED-LENGTH DATA ELEMENTS--GENERAL INFORMATION
fixed length control field 190827b xxu||||| |||| 00| 0 eng d
020 ## - IDENTIFIER FOR THE MANIFESTATION
Identifier for the Manifestation 0689713916
Binding paperback
040 ## - CATALOGING SOURCE
Language of Cataloging eng
Transcribing Agency APEC Schools Library
Description Conventions rda
082 ## - DEWEY DECIMAL CLASSIFICATION NUMBER
Classification number Fic
Author's Number Sp37c 1990
100 ## - CREATOR
Preferred Name of the Person Sperry, Armstrong
245 ## - TITLE AND STATEMENT OF RESPONSIBILITY
Preferred Title Proper Call it courage /
Statement of Responsibility/Parallel Statement of Responsibility Armstrong Sperry
264 ## - PUBLICATION STATEMENT
Place of publication, distribution, etc New York, NY ;
Publisher's Name/Parallel Publisher's Name Aladdin Books,
Copyright ©1990.
300 ## - PHYSICAL DESCRIPTION
Extent 95 pages :
Illustrative Content illustrations ;
336 ## - RDA CONTENT
Source rdacontent
Content Type text
337 ## - RDA MEDIA
Source rdamedia
Media Type unmediated
338 ## - RDA CARRIER
Source rdacarrier
Carrier Type volume
942 ## - ADDED ENTRY ELEMENTS (KOHA)
Source of Classification
Koha Item Type Fiction
Holdings
Library Site Location Shelving Location Source of Acquisition Full Classification Number Accession Number Koha Item Type
APEC Dasmarinas Library APEC Dasmarinas Library Fiction Institutional Fund Fic Sp37c 1990 B03-0000405 Fiction

Powered by Koha